Исследование синхронных реактивных редукторных двигателей методами общей теории электрических машин: диссертация на соискание ученой степени кандидата технических наук

Bibliographic Details
Main Author: Лаас Р. П.
Corporate Author: Научно-исследовательский, проектно-конструкторский и технологический институт электромеханики
Other Authors: Кононенко Е. В. (научный руководитель)
Language:Russian
Published: Томск, [Б. и.], 1972
Subjects:
Format: Book
KOHA link:https://koha.lib.tpu.ru/cgi-bin/koha/opac-detail.pl?biblionumber=226871

MARC

LEADER 00000nbm0a2200000 4500
001 226871
005 20231101230748.0
035 |a (RuTPU)RU\TPU\book\247263 
090 |a 226871 
100 |a 20121128j1972 k y0rusy50 ca 
101 0 |a rus 
102 |a RU 
105 |a a m 001zy 
200 1 |a Исследование синхронных реактивных редукторных двигателей методами общей теории электрических машин  |e диссертация на соискание ученой степени кандидата технических наук  |f Р. П. Лаас  |g Научно-исследовательский, проектно-конструкторский и технологический институт электромеханики ; науч. рук. Е. В. Кононенко 
210 |a Томск  |c [Б. и.]  |d 1972 
215 |a 162 л.  |c ил. 
320 |a Библиогр.: с. 131-140. 
606 1 |a Электродвигатели синхронно-реактивные  |2 stltpush  |3 (RuTPU)RU\TPU\subj\19920  |9 45083 
610 1 |a реактивные двигатели 
610 1 |a синхронные двигатели 
610 1 |a исследование 
610 1 |a электрические машины 
610 1 |a теория 
610 1 |a диссертации 
610 1 |a диаграммы 
610 1 |a характеристики 
675 |a 621.313.323(04)  |v 3 
700 1 |a Лаас  |b Р. П. 
702 1 |a Кононенко  |b Е. В.  |4 727 
712 0 2 |a Научно-исследовательский, проектно-конструкторский и технологический институт электромеханики  |2 stltpush  |3 (RuTPU)RU\TPU\col\18334  |9 26988 
801 1 |a RU  |b 63413507  |c 20121128 
801 2 |a RU  |b 63413507  |c 20130305  |g RCR 
942 |c BK